00579 a2200181 45000010006000000050017000060080041000230030015000640400040000790800068001192450073001872640051002603000018003110410008003291000028003376500015003656500017003805994820260407155852.0260407a1988 arg spa dAR-UNSa-BCEJYS aAR-UNSa-BCEJYSbspacAR-UNSa-BCEJYS a321.7(094.5)xLey de Defensa de la Democracia. Proyectos de ley10aLey de protección del orden constitucional y la vida democrática 1aBuenos Aires :bVíctor P. de Zavalíac1988 a29 p.c20 cm. aspa1 aArgentina [Leyes, etc.] aLEY 23.077 a ley 23 077